| 000 | 00762nam a2200253 a 4500 | ||
|---|---|---|---|
| 001 | 000023537 | ||
| 005 | 20200930022306.0 | ||
| 008 | 101210s1974 sp r 000 | spa d | ||
| 020 | _a8432505021 | ||
| 040 |
_aDO-SdBNP _bspa _cBNPHU |
||
| 082 |
_a320 _aE48v, 1974 |
||
| 100 |
_aElorriaga, Gabriel _948518 |
||
| 245 | 1 | 3 |
_aLa vocación política / _cGabriel Elorriaga. |
| 250 | _a3a ed. | ||
| 260 |
_aMadrid : _bDONCEL, _c1974. |
||
| 300 |
_a185 p ; _c18 cm. |
||
| 490 | 1 |
_aLibro Joven de Bolsillo _v59 |
|
| 500 | _aIncluye lista de la colección | ||
| 500 | _aIncluye lista de obras del autor | ||
| 650 | 4 |
_aCiencia política _xEnsayos _948519 |
|
| 650 | 4 |
_aPolítica _xEnseñanza _948520 |
|
| 830 | 0 |
_aLibro Joven de Bolsillo; _v59 _913001 |
|
| 049 | _aBNGR | ||
| 999 |
_c23033 _d23033 |
||